000 00525nam a2200181 a 4500
005 20241121063756.0
008 991125m19922003ag 000 0 spa u
020 _a9507011137
035 _aUPN01000006109
049 _aCG
050 4 _aLB1033
_bK3.2
100 1 _aKaplan, Carina
_932199
245 1 0 _aBuenos y malos alumnos :
_bdescripciones que predicen /
_cCarina Viviana Kaplan.
260 _aArgentina :
_bAIQUE,
_c1992 (2003 impr.).
300 _a83 p.
650 4 _aRelación maestro-estudiante
_94168
905 _aLibro
999 _c6109
_d6109